000 00383nam a22001337a 4500
082 _a823.914
_bRUS
100 _aRushdie, Salman
245 _aMidnight's children/
_bSalman Rushdie,
260 _aNew York:
_bRandom House Trade paperbacks;
_c2006.
300 _a533p.
563 _aPB
650 _aInfants switched at birth
_aChildren of the rich
_9118532
942 _2ddc
_cBK
999 _c606754
_d606754